[Event "Llinars del Valles op 3rd"]
[Site "Llinars del Valles"]
[Date "2009.04.18"]
[Round "1"]
[White "Ruiz Saiz, Daniel"]
[Black "Fabre Massana, Miquel"]
[Result "1/2-1/2"]
[WhiteElo "1930"]
[BlackElo "2173"]
[PlyCount "63"]
[EventDate "2009.04.18"]
[EventType "swiss"]
[EventRounds "7"]
[EventCountry "ESP"]
[SourceTitle "EXT 2011"]
[Source "ChessBase"]
[SourceDate "2010.11.26"]
[SourceVersion "1"]
[SourceVersionDate "2010.11.26"]
[SourceQuality "1"]

1. e4 c5 2. Nc3 Nc6 3. f4 d6 4. Nf3 e6 5. Bc4 Nf6 6. e5 Nd5 7. Nxd5 exd5 8. Bxd5 dxe5 9. Bxc6+ bxc6 10. fxe5 Be7 11. 0-0 g5 12. c3 Ba6 13. Rf2 c4 14. b4 cxb3 15. axb3 Bd3 16. Ba3 0-0 17. Ne1 Bxa3 18. Rxa3 Bg6 19. d4 Qe7 20. b4 Rfd8 21. Qf3 Qe6 22. Ra6 Rdc8 23. Rfa2 Rc7 24. b5 g4 25. Qe2 Qb3 26. b6 Rb7 27. Rxa7 Rab8 28. Rxb7 Rxb7 29. Ra8+ Kg7 30. Qxg4 Qxc3 31. Qh4 Rxb6 32. Qf6+ 1/2-1/2

[Event "Santpedor op 5th"]
[Site "Santpedor"]
[Date "2001.??.??"]
[Round "7"]
[White "Ruiz Saiz, Daniel"]
[Black "Menac Comas, Joan Ramon"]
[Result "0-1"]
[WhiteElo "2030"]
[BlackElo "2225"]
[PlyCount "66"]
[EventDate "2001.09.14"]
[EventType "swiss"]
[EventRounds "7"]
[EventCountry "ESP"]
[SourceTitle "EXT 2003"]
[Source "ChessBase"]
[SourceDate "2002.11.25"]
[SourceVersion "1"]
[SourceVersionDate "2002.11.25"]
[SourceQuality "1"]

1. e4 c5 2. Nf3 g6 3. d4 cxd4 4. Nxd4 Bg7 5. Nc3 Nc6 6. Be3 Nf6 7. f3 0-0 8. Qd2 d5 9. Nxc6 bxc6 10. 0-0-0 Qa5 11. Bh6 d4 12. Nb1 Bxh6 13. Qxh6 Qxa2 14. Rxd4 Rb8 15. b3 Qa5 16. Bc4 c5 17. Qd2 Qb6 18. Rd3 Ba6 19. Qc3 Rfc8 20. Rhd1 Bxc4 21. Qxc4 Qc7 22. Nd2 Qxh2 23. g4 Qf4 24. Kb1 Ne8 25. Qa6 Nd6 26. Nc4 Nxc4 27. Qxc4 Qf6 28. Rd7 Rb4 29. Rd8+ Kg7 30. Qd3 c4 31. g5 Qe5 32. Qe3 cxb3 33. c3 Rxc3 0-1